[Event "Mauritius Masters"]
[Site "Mauritius"]
[Date "2017.04.01"]
[Round "7"]
[White "Goorsahye, Antoine"]
[Black "Dussoye, Nuvin"]
[Result "1-0"]
[WhiteElo "1704"]
[BlackElo "1842"]
[PlyCount "63"]
[EventDate "2017.03.18"]
[EventType "tourn"]
[EventRounds "9"]
[EventCountry "MRI"]
[SourceTitle "CBM 177 Extra"]
[Source "ChessBase"]
[SourceDate "2017.04.27"]
[SourceVersion "1"]
[SourceVersionDate "2017.04.27"]
[SourceQuality "1"]

1. e4 c5 2. Nc3 Nc6 3. g3 g6 4. Bg2 Bg7 5. Nge2 e6 6. d3 a6 7. 0-0 Nge7 8. Be3 Nd4 9. Qd2 0-0 10. Bh6 d6 11. Bxg7 Kxg7 12. Nd1 Nxe2+ 13. Qxe2 Qc7 14. Ne3 Rb8 15. c3 b5 16. Qd2 Rd8 17. f4 f5 18. g4 d5 19. exf5 exf5 20. d4 c4 21. Rae1 fxg4 22. f5 Bxf5 23. Nxf5+ Nxf5 24. Qg5 Qd7 25. Re5 h6 26. Qxg4 Ne7 27. Qh4 Rb7 28. Qf6+ Kh7 29. Qf7+ Kh8 30. Rf3 Rg8 31. Rh3 h5 32. Rhxh5+ 1-0

[Event "Mauritius Masters"]
[Site "Mauritius"]
[Date "2017.03.18"]
[Round "1"]
[White "Dussoye, Nuvin"]
[Black "Marie, Patrick"]
[Result "1-0"]
[WhiteElo "1842"]
[BlackElo "1961"]
[PlyCount "61"]
[EventDate "2017.03.18"]
[EventType "tourn"]
[EventRounds "9"]
[EventCountry "MRI"]
[SourceTitle "CBM 177 Extra"]
[Source "ChessBase"]
[SourceDate "2017.04.27"]
[SourceVersion "1"]
[SourceVersionDate "2017.04.27"]
[SourceQuality "1"]

1. d4 Nf6 2. Nf3 e6 3. g3 d5 4. Bg2 Be7 5. 0-0 0-0 6. b3 Nbd7 7. Bb2 b6 8. c4 Bb7 9. Nbd2 Rc8 10. Rc1 Re8 11. Ne5 Nxe5 12. dxe5 Ne4 13. Nxe4 dxe4 14. Qc2 Bc5 15. Rcd1 Qe7 16. Bxe4 Bxe4 17. Qxe4 Red8 18. Rd3 g6 19. Rfd1 a5 20. h4 h5 21. Bc1 Rxd3 22. Rxd3 Qe8 23. Bg5 c6 24. g4 Be7 25. gxh5 Bxg5 26. hxg5 gxh5 27. Qh4 Rd8 28. Qxh5 Rxd3 29. exd3 Qd8 30. g6 Qxd3 31. Qh7+ 1-0